L’année 2018 - Statistiques

Statistiques générales
  • Ce quiz a été pris 134 fois
  • Le résultat moyen est 12 sur 28
Statistiques - réponses
Hint Réponse % Correct
Quel chanteur français célèbre pour avoir chanté « La Bohème » est mort cette année ? Charles Aznavour
86%
Dans quelle ville française y a-t-il eu un attentat commis sur le marché de Noël ? Strasbourg
86%
Contre quelle équipe la France a-t-elle joué en finale de la Coupe du Monde ? Croatie
84%
Comment s’appelle le nouveau président du Brésil ? Jair Bolsonaro
76%
Quel est le nom officiel complet trouvé en juin 2018 pour la Macédoine ? République de Macédoine du Nord
69%
Dans quelle ville, Manuel Valls a présenté sa candidature à l’élection municipale ? Barcelone
68%
Comment s’appelle l’épouse du Prince Harry depuis mai 2018 ? Meghan Markle
68%
Quel territoire français d’outre–mer a dit non "à l'indépendance" en novembre 2018 ? Nouvelle-Calédonie
63%
Comment s’appelle le conseiller d’Emmanuel Macron filmé en train de molester lors des manifestations du 1er mai ? Alexandre Benalla
62%
Quel ancien président américain est mort en 2018 ? Georges H. W. Bush
61%
Comment Redoine Faid s'est-il évadé de la prison de Réau, en Seine-et-Marne, le 1er juillet ? En hélicoptère
59%
Comment s’appelle le nouveau président du Libéria, anciennement footballeur ? George Weah
57%
Dans quelle ville d’Italie le pont Miranda s’est effondré causant 43 morts ? Gênes
48%
Quelle entreprise devient la première entreprise privée à avoir une cotation de 1000 milliards de dollars en bourse ? Apple
47%
Comment s’appelle le projet de l’aéroport abandonné en janvier 2018 par le gouvernement ? Notre-Dame-des-Landes
41%
Quel pays est devenu le deuxième à légaliser la consommation de cannabis à des fins récréatives en octobre 2018 ? Canada
37%
Dans quel pays se sont déroulés les Jeux Paralympiques d’hiver ? Corée du Sud
32%
Quel pays a remporté l’Eurovision 2018 avec une chanson contre le harcèlement des femmes ? Israël
31%
Quel est le nom de l’entreprise française où une bactérie a été trouvé dans du lait infantile ? Lactalis
31%
Comment s’appelle le physicien anglais mort le 14 mars 2018 ? Stephen Hawking
28%
Quel pays a été touché le 23 décembre par une vague "volcanique” qui a fait des centaines de morts ? Indonésie
24%
Quelle émission de Canal+ a vu son dernier numéro diffusé le 22 juin 2018, 30 ans après le premier ? Les Guignols de l’info
24%
Avec Gérard Collomb, quel est le deuxième ministre à avoir démissionné cette année ? Nicolas Hulot
14%
Comment s’appelle la Miss France 2019 ? Vaimalama Chaves
10%
Quel est le nom complet du référendum faisant partie des revendications des gilets jaunes ? Référendum d’initiative populaire
8%
Où a eu lieu la rencontre historique entre le président américain Donald Trump et le dirigeant nord-coréen Kim Jong-un ? Singapour
8%
Qui a remporté la Route du Rhum 2018 ? Francis Joyon
5%
Quel bateau de SOS Méditerranée a été immobilisé pour des raisons politiques et judiciaires ? Aquarius
3%
Aucun quiz correspondant
Distribution des résultats
% des personnes avec chaque résultat
Percentile par nombre de réponses
Votre historique - résultats
Vous n’avez pas pris ce quiz